000
00269nam a22001217a 4500
020
_a
817554080X
082
_a
158.39
100
_a
Dale,Margaret
245
_a
How to be a better interviewer
260
_a
Daryaganj
_b
Kagan page
_c
1999
300
_a
157p
942
_c
BK
999
_c
3025
_d
3025